| 000 | 01791nam a2200493 c 4500 | ||
|---|---|---|---|
| 001 | 193237048X | ||
| 003 | DE-627 | ||
| 005 | 20250930113643.0 | ||
| 007 | cr uuu---uuuuu | ||
| 008 | 250801s2024 xx |||||o 00| ||ger c | ||
| 020 |
_a9783842099319 _cEPUB |
||
| 024 | 7 |
_aurn:nbn:de:gbv:18-epflicht-15862 _2urn |
|
| 035 | _a(DE-627)193237048X | ||
| 035 | _a(DE-599)KEP117421464 | ||
| 035 | _a(EPFHH)8cfed04d-b088-4382-b51d-5e3338f31fd7 | ||
| 035 | _a(EPFHH-TOKYOPOP)1044261582_9783842099319 | ||
| 035 | _a(DE-627-1)117421464 | ||
| 040 |
_aDE-627 _bger _cDE-627 _erda |
||
| 041 |
_ager _hjpn |
||
| 072 | 7 |
_a9182 _2wsb |
|
| 082 | 0 | 4 |
_a741.5 _qDE-576 |
| 245 | 0 | 0 |
_aCall of the Night, Band 10 _cKotoyama |
| 264 | 1 |
_aHamburg _bTOKYOPOP Verlag _c2024 |
|
| 300 | _a1 Online-Ressource (192 S.) | ||
| 336 |
_aText _btxt _2rdacontent |
||
| 337 |
_aComputermedien _bc _2rdamedia |
||
| 338 |
_aOnline-Ressource _bcr _2rdacarrier |
||
| 490 | 0 |
_aCall of the Night _v10 |
|
| 520 | _aAus Angst um Kou greift Nazuna Anko an. Kou geht dazwischen. Daraufhin droht Anko, Kou zu erschießen, doch dieser hat ihre wahren Intentionen längst durchschaut ... | ||
| 583 | 1 |
_aArchivierung/Langzeitarchivierung gewährleistet _fPEHH _kDE-576 _2pdager _5DE-18 |
|
| 650 | 4 | _aMystery | |
| 650 | 4 | _aRomance | |
| 650 | 4 | _aSlice of Life | |
| 650 | 4 | _aSupernatural | |
| 650 | 4 | _aVampire | |
| 700 | 0 |
_aKotoyama _eVerfasserIn _4aut |
|
| 776 | 1 | _z9783842089792 | |
| 776 | 1 | _z9783842089792 | |
| 776 | 0 | 8 |
_iErscheint auch als _nDruck-Ausgabe _z9783842089792 |
| 776 | 0 | 8 |
_iErscheint auch als _nDruck-Ausgabe _z9783842089792 |
| 856 | 4 | 0 |
_uhttps://nbn-resolving.org/urn:nbn:de:gbv:18-epflicht-15862 _mX:EPF _qapplication/epub+zip _zlizenzpflichtig |
| 942 |
_2ddc _cMGA _n0 |
||
| 951 | _aBO | ||
| 999 |
_c1366 _d1366 |
||